000
00257nam a2200097Ia 4500
001
921424
005
20250826191425.0
008
250824s9999 xx 000 0 und d
245
0
_a
DOĞU BATI ARASINDA İSLAM
_c
ALİYA İZETBEGOVİÇ
260
_b
KETEBE YAYINLARI
999
_c
921424
_d
921424